00495 2200193 4500001002100000005001500021035002000036245008200056100001000138250000600148300003500154700001200189260003300201082000800234084001400242020001800256650001000274990001700284INLIS00000000000006920180814125318 a0010-08180000331 aLatihan Peta Buta 1 :bUntuk sekolah Dasar Kelas IV /cKasdi; Editor, Karsito0 aKasdi a- aiv, 92 hlm. :bilus. ;c25 cm.0 aKarsito aDepok :bCV Arya Duta,c2005 a912 a912 KAS l a979-750-015-2 aAtlas a00289/P/2018